LEADER 01658nam a2200349 a 4500 001 000000125394 003 CaOOAMICUS 005 20110520131907.0 008 110520s2011 it ab u000 u ita r 020 $a978-88-430-5734-4 040 $aPUL$bita 041 1 $aita$hfre 082 04$a261.7 100 1 $aChenaux, Philippe,$d1959-$0(OLS)http://pul/name/38246 240 12$aL'eglise catholique et le communisme en Europe (1917-1989). De Lénine à Jean-Paul II.$lItaliano.$0(OLS)http://pul/title/158111 245 12$aL'ultima eresia :$bla Chiesa cattolica e il comunismo in Europa da Lenin a Giovanni Paolo II (1917-1989) /$cPhilippe Chenaux. 260 $aRoma :$bCarocci,$c©2011. 300 $a346 p. ;$c22 cm 490 1 $aSaggi ;$v63 504 $aBibliografia p. 327-336. 610 24$aChiesa cattolica$zRussia$xStoria$ySec. XX.$0(OLS)http://pul/subject/34891 830 0$aSaggi (Carocci) ;$v63.$0(OLS)http://pul/title/77390 850 $aPUL 852 $aPUL$W1$xSL Religione 3$y85$m261. 7 CHEPH 1$j144413$qDDC 21$q $B143442$CPULBib$Z2$F143442 $H117266 $81 852 $aPUL$W1$xDP1 Fondo G. Barberini$y122$m3 H 17$j166791$b2 copia$q Fondi$B180132$CPULBib$Z2$F180132 $HBar983 $81 941 1 $a9 941 1 $a1 996 $6020$a978-88-430-5734-4$9(OLS)http://pul/number/147246 996 $6082$a261.7$9(OLS)http://pul/classification/578 996 $6245$aL'ultima eresia :$bla Chiesa cattolica e il comunismo in Europa da Lenin a Giovanni Paolo II (1917-1989)$9(OLS)http://pul/title/158110 996 $6260$aRoma :$bCarocci$9(OLS)http://pul/publisher/66917 LEADER 01430nam a2200313 a 4500 001 000000124524 003 CaOOAMICUS 005 20110304104413.0 008 110304s2010 it u000 u ita r 020 $a978-88-34-81403-1 040 $aPUL$bita 082 04$a340.1 245 00$aPercorsi tra bioetica e diritto :$balla ricerca di un bilanciamento /$ca cura di Lorenzo Chieffi, Pasquale Giustiniani. 260 $aTorino :$bG. Giappichelli,$c2010. 300 $a285 p. ;$c24 cm. 490 1 $aCentro Interuniversitario di ricerca bioetica ;$vQuaderno 6 504 $aBibliografia in nota. 650 4$aBioetica$xDiritto.$0(OLS)http://pul/subject/34224 700 1 $aChieffi, Lorenzo.$0(OLS)http://pul/name/78665 700 1 $aGiustiniani, Pasquale,$d1951-$0(OLS)http://pul/name/40111 830 0$aCentro Interuniversitario di ricerca bioetica ;$vQuaderno 6.$0(OLS)http://pul/title/156976 850 $aPUL 852 $aPUL$W1$xSL Diritto e Scienze Sociali 3$y79$m340. 1 CHILO 1$j143391$qDDC 21$B142425$CPULBib$Z2$F142425 $H116256 $82 941 1 $a9 996 $6020$a978-88-34-81403-1$9(OLS)http://pul/number/146557 996 $6082$a340.1$9(OLS)http://pul/classification/476 996 $6245$aPercorsi tra bioetica e diritto :$balla ricerca di un bilanciamento$9(OLS)http://pul/title/156974 996 $6260$aTorino :$bG. Giappichelli$9(OLS)http://pul/publisher/49130